International Handbook of Universities (Record no. 13738)
[ view plain ]
| 000 -LEADER | |
|---|---|
| fixed length control field | 00370nam a22001457a 4500 |
| 020 ## - INTERNATIONAL STANDARD BOOK NUMBER | |
| International Standard Book Number | 0 333 57485 0 |
| 082 ## - DEWEY DECIMAL CLASSIFICATION NUMBER | |
| Classification number | REF 378.1025 INT |
| 100 ## - MAIN ENTRY--PERSONAL NAME | |
| Personal name | International Association of Universities |
| 245 ## - TITLE STATEMENT | |
| Title | International Handbook of Universities |
| 250 ## - EDITION STATEMENT | |
| Edition statement | 13th ed |
| 260 ## - PUBLICATION, DISTRIBUTION, ETC. | |
| Place of publication, distribution, etc. | US |
| Name of publisher, distributor, etc. | Stockton Press |
| Date of publication, distribution, etc. | 1993 |
| 300 ## - PHYSICAL DESCRIPTION | |
| Extent | x,1304p |
| 500 ## - GENERAL NOTE | |
| General note | Includes index |
| 942 ## - ADDED ENTRY ELEMENTS (KOHA) | |
| Koha item type | Books |
| Withdrawn status | Lost status | Damaged status | Not for loan | Collection code | Home library | Current library | Shelving location | Date acquired | Total Checkouts | Full call number | Barcode | Date last seen | Price effective from | Koha item type |
|---|---|---|---|---|---|---|---|---|---|---|---|---|---|---|
| Reference | IFM Main Campus Library | IFM Main Campus Library | Archival Collection | 11/10/2015 | REF 378.1025 INT | 0000012231 | 11/10/2015 | 02/19/2022 | Reference |
